|
|
|
|
| LEADER |
01324nam a2200337 a 4500 |
| 001 |
33246 |
| 003 |
BD-DhAAL |
| 005 |
20180708104122.0 |
| 008 |
180707r20041992wiua b 001 0 eng d |
| 999 |
|
|
|c 39607
|d 39607
|
| 010 |
|
|
|a 92070607
|
| 020 |
|
|
|a 8170582970
|
| 020 |
|
|
|a 094152468X :
|c $29.95
|
| 020 |
|
|
|a 9788170582977
|
| 040 |
|
|
|a DLC
|c DLC
|d DLC
|d BD-DhAAL
|
| 050 |
0 |
0 |
|a BL444
|b .M68 1992
|
| 082 |
0 |
0 |
|a 294.537
|2 20
|
| 100 |
0 |
|
|a Mother,
|d 1878-1973.
|9 26726
|
| 245 |
1 |
0 |
|a Flowers and their messages /
|c the Mother.
|
| 250 |
|
|
|a Fourth newly revised edition
|
| 260 |
|
|
|a Pondicherry :
|b Sri Aurobindo Ashram publication,
|c c1992 [reprinted 2004]
|
| 300 |
|
|
|a xv, 309 pages :
|b illustrations (some col.) ;
|c 25 cm.
|
| 504 |
|
|
|a Includes bibliographical references and index.
|
| 526 |
|
|
|a ARC
|
| 541 |
|
|
|e 33246
|
| 650 |
|
0 |
|a Flowers
|x Religious aspects.
|9 26727
|
| 650 |
|
0 |
|a Flowers
|x Symbolic aspects.
|9 26728
|
| 650 |
|
0 |
|a Flower language.
|9 26729
|
| 852 |
|
|
|a Department of Architecture
|c General Stacks
|
| 942 |
|
|
|2 ddc
|c BK
|
| 952 |
|
|
|0 0
|1 1
|2 ddc
|4 0
|6 294_537000000000000_MOT
|7 0
|9 63625
|a ARC
|b ARC
|c GEN
|d 2018-07-08
|l 0
|o 294.537 MOT
|p 3010033246
|r 2018-07-08
|t 1
|w 2018-07-08
|y BK
|x lost from the ARC department library and approved by the Dean (reasons personal books withdrawn by Hasibul Kabir Sir and Building shifting)
|